000 00279nam a22001337a 4500
008 180214b xxu||||| |||| 00| 0 eng d
020 _a9780077668792
041 _aeng
080 _a61
100 _a14
101 _ashm
245 _alaw ethics
_ckaren.j
942 _2udc
_cBK
999 _c42459
_d42459